Constitution of India (Record no. 227262)
[ view plain ]
| 000 -LEADER | |
|---|---|
| fixed length control field | 00632nam a22002177a 4500 |
| 005 - DATE AND TIME OF LATEST TRANSACTION | |
| control field | 20230424145602.0 |
| 008 - FIXED-LENGTH DATA ELEMENTS--GENERAL INFORMATION | |
| fixed length control field | 230424b ||||| |||| 00| 0 eng d |
| 040 ## - CATALOGING SOURCE | |
| Transcribing agency | AL |
| 041 ## - LANGUAGE CODE | |
| Language code of text/sound track or separate title | English |
| 082 ## - DEWEY DECIMAL CLASSIFICATION NUMBER | |
| Edition number | 23 |
| Classification number | 321.80954 |
| Item number | APPC |
| 100 ## - MAIN ENTRY--PERSONAL NAME | |
| Personal name | Parvathy Appaiah |
| 100 ## - MAIN ENTRY--PERSONAL NAME | |
| 9 (RLIN) | 92120 |
| 245 ## - TITLE STATEMENT | |
| Title | Constitution of India |
| 260 ## - PUBLICATION, DISTRIBUTION, ETC. | |
| Place of publication, distribution, etc. | Mangalore |
| Name of publisher, distributor, etc. | Jai Bharath Prakashana |
| Date of publication, distribution, etc. | 2023 |
| 300 ## - PHYSICAL DESCRIPTION | |
| Extent | viii,168 p. |
| Other physical details | PB |
| Dimensions | 21x14 cm. |
| 365 ## - TRADE PRICE | |
| Price type code | 549 |
| Price amount | ₹140.00 |
| Currency code | ₹ |
| Unit of pricing | ₹175.00 |
| 650 ## - SUBJECT ADDED ENTRY--TOPICAL TERM | |
| Topical term or geographic name entry element | Ability Enhancement Compulsory Course |
| 9 (RLIN) | 92095 |
| 650 ## - SUBJECT ADDED ENTRY--TOPICAL TERM | |
| Topical term or geographic name entry element | NEP |
| 9 (RLIN) | 92121 |
| 650 ## - SUBJECT ADDED ENTRY--TOPICAL TERM | |
| Topical term or geographic name entry element | Governance |
| 9 (RLIN) | 92097 |
| 700 ## - ADDED ENTRY--PERSONAL NAME | |
| Personal name | APPAIAH (Parvathy) |
| 9 (RLIN) | 92098 |
| 942 ## - ADDED ENTRY ELEMENTS (KOHA) | |
| Source of classification or shelving scheme | Dewey Decimal Classification |
| Koha item type | Book |
| Withdrawn status | Lost status | Source of classification or shelving scheme | Damaged status | Not for loan | Collection code | Home library | Current library | Date acquired | Source of acquisition | Cost, normal purchase price | Total Checkouts | Total Renewals | Full call number | Barcode | Date last seen | Date last checked out | Cost, replacement price | Price effective from | Koha item type |
|---|---|---|---|---|---|---|---|---|---|---|---|---|---|---|---|---|---|---|---|
| Dewey Decimal Classification | Political Science | St Aloysius Library | St Aloysius Library | 04/24/2023 | Biblios Book Point Surathkal Mangalore 575014 | 140.00 | 4 | 1 | 321.80954 APPC | 076504 | 11/03/2025 | 10/29/2025 | 175.00 | 04/24/2023 | Book | ||||
| Dewey Decimal Classification | Political Science | St Aloysius Library | St Aloysius Library | 04/24/2023 | Biblios Book Point Surathkal Mangalore 575014 | 140.00 | 3 | 321.80954 APPC | 076505 | 09/19/2025 | 09/09/2025 | 175.00 | 04/24/2023 | Book | |||||
| Dewey Decimal Classification | Reference Book | Political Science | St Aloysius Library | St Aloysius Library | 04/24/2023 | Biblios Book Point Surathkal Mangalore 575014 | 140.00 | 1 | 321.80954 APPC | 076506 | 06/10/2023 | 06/01/2023 | 175.00 | 04/24/2023 | Reference | ||||
| Dewey Decimal Classification | Political Science | St Aloysius Library | St Aloysius Library | 04/24/2023 | Biblios Book Point Surathkal Mangalore 575014 | 140.00 | 4 | 1 | 321.80954 APPC | 076507 | 10/09/2025 | 10/09/2025 | 175.00 | 04/24/2023 | Book | ||||
| Dewey Decimal Classification | Political Science | St Aloysius Library | St Aloysius Library | 04/24/2023 | Biblios Book Point Surathkal Mangalore 575014 | 140.00 | 5 | 2 | 321.80954 APPC | 076508 | 11/03/2025 | 10/10/2025 | 175.00 | 04/24/2023 | Book |